| 000 | 00436nam a2200157Ia 4500 | ||
|---|---|---|---|
| 008 | 210423s2011 xx 000 0 und d | ||
| 020 | _a9788184890358 | ||
| 041 | _aeng | ||
| 082 | _a530.12 GREW | ||
| 100 | _aGREINER (Walter). | ||
| 245 | _aQuantum mechanics: special chapters. | ||
| 260 |
_aNew York _bSpringer Verlag _c2011 |
||
| 300 |
_axvii,378 _bPB |
||
| 365 |
_b995 _cINR |
||
| 906 | _achapters. ; mechanics: ; Quantum ; special | ||
| 999 |
_c162338 _d162338 |
||